| 000 | 00961nam a2200241 a 4500 | ||
|---|---|---|---|
| 001 | 000039867 | ||
| 005 | 20201002033758.0 | ||
| 008 | 130725s2003 sp 000 0 spa d | ||
| 020 | _a8400081773 | ||
| 040 |
_aDO-SdBNP _bspa _cBNPHU |
||
| 245 | 1 | 3 |
_aEl español de América 1992 / _cPilar García Mouton (ed.) ; prólogo de Antonio Quilis. |
| 260 |
_aMadrid : _bConsejo Superior de Investigaciones Científicas, _c2003. |
||
| 300 |
_a482 p. : ; _c24 cm. |
||
| 490 | 1 |
_aRevista de filología española. Anejo _v93 |
|
| 504 | _aBibliografía : p. 9-13 | ||
| 504 | _aIncluye referencias bibliográficas y notas al pie de las páginas | ||
| 700 | 1 |
_aQuilis, Antonio, _928481 |
|
| 700 | 1 |
_aaGarcia Mouton, Pilar, _eed. _966070 |
|
| 700 | 1 |
_aQuilis, Antonio, _epról. _928481 |
|
| 700 | 1 |
_aGarcía Mouton, Pilar, _eed. _966071 |
|
| 710 | 2 |
_aConsejo Superior de Investigaciones Cientificas (España) _966072 |
|
| 830 | 0 |
_aRevista de filología española. Anejo _966073 |
|
| 999 |
_c39357 _d39357 |
||